banner-ar

الثلاثون سنة الاولى لقيام دولة مدينة الجزاثر 1510 - 1541 (Record no. 35519)

MARC details
000 -الفاتح
حقل البيانات ثابتة الطول 00418nam a2200133Ia 4500
008 - عناصر البيانات ثابتة الطول - معلومات عامة
حقل البيانات ثابتة الطول 140319s9999 xx 000 0 ara d
040 ## - مصدر الفهرسة
وكالة الفهرسة الأصلية GCL /
وكالة النسخ GCL
082 04 - رقم تصنيف ديوى العشرى
رقم التصنيف 953.0965
رقم المادة ش ث
245 10 - بيان العنوان
العنوان الثلاثون سنة الاولى لقيام دولة مدينة الجزاثر 1510 - 1541
260 ## - PUBLICATION, DISTRIBUTION, ETC. (IMPRINT)
تاريخ النشر أو التوزيع 1991
300 ## - الوصف المادى
التعداد 132 ص
490 ## - بيان السلسلة
عنوان السلسلة
260 ## - PUBLICATION, DISTRIBUTION, ETC. (IMPRINT)
-- [S.N] :
-- ديوان المطبوعات الجامعية ،
Holdings
حالة التراجع حالة الفقد حالة تلف ليس للاعارة المكان المؤقت الموقع الحالى تاريخ الاكتساب اجمالي اﻻعارات رقم الطلب الباركود تاريخ اخر مشاهدة تاريخ تفعيل السعر نوع وعاء كوها
        مكتبة القاهرة الكبرى مكتبة القاهرة الكبرى 03/26/2014   953.0965\ش ث 86576 03/26/2014 03/26/2014 كتاب

Powered By

EGPV